|
|
|
|
| LEADER |
00669cam a2200217ua 4500 |
| 008 |
111027t1999||||||||||| 00 ||eng c |
| 041 |
0 |
|
|a eng
|
| 082 |
|
|
|a 338.642
|b LAK/D
|
| 245 |
1 |
0 |
|a Development of small scale industries /
|
| 260 |
|
|
|a New Delhi:
|b Discovery,
|c 1999.
|
| 300 |
|
|
|a 173p..
|
| 362 |
1 |
|
|a 1999.
|
| 650 |
|
|
|a Economics
|
| 650 |
0 |
|
|a Small industries
|
| 650 |
0 |
|
|a Industrial estates
|
| 650 |
0 |
|
|a Agro based industries
|
| 650 |
0 |
|
|a Electrical industries
|
| 700 |
0 |
2 |
|a Lakshmi Narasaiah,, M.
|
| 942 |
|
|
|c BK
|
| 999 |
|
|
|c 31104
|d 31104
|
| 952 |
|
|
|0 0
|1 0
|4 0
|6 338_642000000000000_LAK
|7 0
|9 32961
|a KUCL
|b KUCL
|d 2014-05-23
|l 0
|o 338.642 LAK/
|p 27574
|r 2014-05-23
|w 2014-05-23
|y BK
|